2006 Edition (Record no. 4623)

MARC details
000 -CABECERA
campo de control de longitud fija 00415 a2200157 4500
003 - IDENTIFICADOR DEL NÚMERO DE CONTROL
campo de control OSt
005 - FECHA Y HORA DE LA ÚLTIMA TRANSACCIÓN
campo de control 20250401152545.0
008 - DATOS DE LONGITUD FIJA--INFORMACIÓN GENERAL
campo de control de longitud fija 250401b |||||||| |||| 00| 0 eng d
020 ## - NÚMERO INTERNACIONAL ESTÁNDAR DEL LIBRO
Número Internacional Estándar del Libro 9780143037835
040 ## - FUENTE DE LA CATALOGACIÓN
Centro/agencia transcriptor tbs
050 ## - SIGNATURA TOPOGRÁFICA DE LA BIBLIOTECA DEL CONGRESO
Número de clasificación HC102.5 CHO
245 ## - MENCIÓN DE TÍTULO
Título 2006 Edition
260 ## - PUBLICACIÓN, DISTRIBUCIÓN, ETC.
Fecha de publicación, distribución, etc. 2005
773 0# - ENLACE AL DOCUMENTO FUENTE/ENTRADA DE REGISTRO ANFITRIÓN
Número de control del registro 2092
Encabezamiento principal Chouinard, Yvon
Título Let my people go surfing
Lugar, editor y fecha de publicación New York, NY : Penguin Books, 2016.
Número Internacional Estándar del Libro 9780143109679
942 ## - ELEMENTOS DE ENTRADA AGREGADA (KOHA)
Fuente del sistema de clasificación o colocación Clasificación de Library of Congress
Holdings
Estado de retiro Estado de pérdida Fuente del sistema de clasificación o colocación Estado dañado No para préstamo Biblioteca de origen Biblioteca actual Fecha de adquisición Total de préstamos Signatura topográfica completa Código de barras Fecha visto por última vez Número de copia Precio válido a partir de Tipo de ítem Koha
    Clasificación de Library of Congress     TBS Barcelona TBS Barcelona 01/04/2025   HC102.5 CHO B00608 01/04/2025 2 01/04/2025 Book

Powered by Koha